Mitología universal : (Registro nro. 12434)

Detalles MARC
000 -LIDER
fixed length control field 01614nam a22002777a 4500
003 - IDENTIFICACDOR DE NÚMERO DE CONTROL
control field DO-SdBNP
005 - DATE AND TIME OF LATEST TRANSACTION
control field 20240306114902.0
008 - ELEMENTOS DE LONGITUD FIJA
fixed length control field 161214b 1979 sp 00| 0 spa d
020 ## - ISBN
International Standard Book Number 8470830880
020 ## - ISBN
International Standard Book Number 8470830880 (vol. 1)
040 ## - FUENTE DE CATALOGACIÓN
Agencia que crea de manera original el registro BPMSU
Idioma de catalogación spa
Agencia que realiza la transcripción BPMSU
082 #4 - NÚMERO DE CLASIFICACIÓN DECIMAL DE DEWEY
Classification number 398.2
Item number B499m 1979
Edition number 22
100 1# - ASIENTO PRINCIPAL -- NOMBRE PERSONAL
Nombre personal Bergua, Juan B.
245 10 - MENCIÓN DE TITULO
Título Mitología universal :
Subtítulo todas las mitologías y sus maravillosas leyendas /
Mención de responsabilidad Juan B. Bergua.
250 ## - MENCIÓN DE EDICION
Mención de edición 3a ed.
260 ## - PUBLICACIÓN, DISTRIBUCIÓN, ETC. (PIE DE IMPRENTA)
Lugar de publicación, distribución, etc Madrid :
Nombre del editor, distribuidor, etc. Bergua,
Fecha de publicación, distribución, etc 1979.
300 ## - DESCRIPCIÓN FÍSICA
Extensión v. :
Dimensiones 17 cm.
490 0# - MENCIÓN DE SERIES
Mención de serie Tesoro literario,
Volume/sequential designation 30
500 ## - NOTA GENERAL
Nota general La biblioteca posee e vol. 1
505 ## - NOTA DE CONTENIDO
Texto normalizado de contenido <br/>v. 1 Mitología griega y sus ciclos míticos y leyendas : Atenienses ; De la Argolide ; Corintias ; Tebanas ; Etolias ; Tesalias ; Tracias ; Espartanas ; Cretenses ; Mitología romana : los grandes dioses ; Las divinidades menores ; Las leyendas populares. -- v.2 Mitología céltica ; Mitología germánica ; Mitología eslava ; Mitología lituana ; Mitología finlandesa ; Mitologías asiáticas : Mitología asirio-babilónica ; Mitología fenicia ; Mitología persa ; Mitologías de la India ; Mitología de los Karfs ; Mitología china ; Mitología japonesa ; Mitologías africanas : Mitologías egipcias y de los negros africanos ; Mitologías americanas : de América del Norte, de América Central y de América del Sur ; Mitologías de Oceanía ; Mitologías bíblicas : del antiguo y del nuevo testamento.
590 ## - NOTA LOCAL
Texto de la nota local inventariado, 2024/VM
650 #4 - ENCABEZAMIENTO DE MATERIA--TEMÁTICO
Término temático o nombre geográfico como elemento de entrada Mitología
830 #0 - ASIENTO SECUNDARIO DE SERIE--TÍTULO UNIFORME
Título uniforme Tesoro literario
Volume number/sequential designation 30
910 ## - VALIDACIÓN
Validación VMateo V. Control de calidad. BPMSU
942 ## - ADDED ENTRY ELEMENTS (KOHA)
Source of classification or shelving scheme Dewey Decimal Classification
Koha item type Libros
Existencias
Withdrawn status Lost status Source of classification or shelving scheme Damaged status Not for loan Collection code Home library Current library Date acquired Source of acquisition Total Checkouts Full call number Barcode Date last seen Copy number Price effective from Koha item type
    Dewey Decimal Classification     Colección General Biblioteca Pública Metropolitana Salomé Ureña Biblioteca Pública Metropolitana Salomé Ureña 12/14/2016   BPMSU CG 398.2 B499m 1979 BPMSU16120315 12/14/2016 v.1 12/14/2016 Libros